Emotional blocks to learning: (Record no. 41)
[ view plain ]
| 000 -LEADER | |
|---|---|
| fixed length control field | 00885cam a22002771 4500 |
| 001 - CONTROL NUMBER | |
| control field | 41 |
| 003 - CONTROL NUMBER IDENTIFIER | |
| rucl marc code | BD-RjUL |
| 005 - DATE AND TIME OF LATEST TRANSACTION | |
| control field | 20211208233111.0 |
| 008 - FIXED-LENGTH DATA ELEMENTS--GENERAL INFORMATION | |
| fixed length control field | 131116s1961 nyu 000 0 eng |
| 035 ## - SYSTEM CONTROL NUMBER | |
| System control number | (BD-RjUL)46 |
| 040 ## - CATALOGING SOURCE | |
| Original cataloging agency | DLC |
| Transcribing agency | DLC |
| Modifying agency | (BD-RjUL) |
| Language of cataloging | eng |
| 041 ## - LANGUAGE CODE | |
| Language code of text/sound track or separate title | eng |
| 082 00 - DEWEY DECIMAL CLASSIFICATION NUMBER | |
| Classification number | 370.153 |
| Edition number | 23 |
| Author mark and year | HAE 1961 |
| 100 1# - MAIN ENTRY--PERSONAL NAME | |
| Personal name | Harris, Irving D. |
| 9 (RLIN) | 137 |
| 245 10 - TITLE STATEMENT | |
| Title | Emotional blocks to learning: |
| Remainder of title | a study of the reasons for failure in school / |
| Statement of responsibility, etc. | Irving D.Harris. |
| 260 ## - PUBLICATION, DISTRIBUTION, ETC. (IMPRINT) | |
| Place of publication, distribution, etc. | New York : |
| Name of publisher, distributor, etc. | Free Press, |
| Date of publication, distribution, etc. | 1961[printing 1966] |
| 300 ## - PHYSICAL DESCRIPTION | |
| Pagination | 210 p. ; |
| Size | 22 cm. |
| 504 ## - BIBLIOGRAPHY, ETC. NOTE | |
| Bibliography, etc | includes bibliography and index |
| 526 ## - STUDY PROGRAM INFORMATION NOTE | |
| Program name | education |
| Requested Dept. | education |
| 650 #0 - SUBJECT ADDED ENTRY--TOPICAL TERM | |
| Topical term or geographic name as entry element | Educational psychology. |
| 9 (RLIN) | 138 |
| Topical term or geographic name as entry element | Emotions in children. |
| 9 (RLIN) | 139 |
| Topical term or geographic name as entry element | School failure. |
| 9 (RLIN) | 140 |
| 856 ## - ELECTRONIC LOCATION AND ACCESS | |
| Materials specified | worldcat |
| Uniform Resource Identifier | <a href="http://172.16.21.25:8010/cgi-bin/koha/cataloguing/addbiblio">http://172.16.21.25:8010/cgi-bin/koha/cataloguing/addbiblio</a> |
| 942 ## - ADDED ENTRY ELEMENTS (KOHA) | |
| Source of classification or shelving scheme | Dewey Decimal Classification |
| Koha item type | Books |
| Lost status | Source of classification or shelving scheme | Damaged status | Not for loan | Collection code | Permanent Location | Current Location | Shelving location | Date acquired | Source of acquisition | Cost, normal purchase price | Total Checkouts | Full call number | Date last seen | Copy number | Koha item type |
|---|---|---|---|---|---|---|---|---|---|---|---|---|---|---|---|
| Dewey Decimal Classification | Non-fiction | Central Library, University of Rajshahi | Central Library, University of Rajshahi | 29/06/1967 | Asia Foundation | 0.00 | 370.153 HAE 1966 | 07/11/2013 | C-4 | Books | |||||
| Dewey Decimal Classification | Non-fiction | Central Library, University of Rajshahi | Central Library, University of Rajshahi | 29/06/1967 | Asia Foundation | 0.00 | 370.153 HAE 1966 | 07/11/2013 | C-5 | Books | |||||
| Dewey Decimal Classification | Non-fiction | Central Library, University of Rajshahi | Central Library, University of Rajshahi | Reading Room | 29/06/1967 | Asia Fundation | 0.00 | 370.153 HAE 1966 | 07/11/2013 | C-3 | Books | ||||
| Dewey Decimal Classification | Non-fiction | Central Library, University of Rajshahi | Central Library, University of Rajshahi | 29/06/1967 | Asia foundation | 370.153 HAE 1966 | 26/12/2013 | C-2 | Books | ||||||
| Dewey Decimal Classification | Fiction | Central Library, University of Rajshahi | Central Library, University of Rajshahi | 29/06/1967 | Asia foundation | 370.153 HAE 1966 | 23/08/2016 | C-6 | Books |